000 00655nam a22001697a 4500
005 20251108174634.0
008 250721s2009 xx 000 0 ara d
082 1 4 _a342.04/طرا
100 1 _aالطراونة، مهند صالح
_eمؤلف
245 1 0 _aالعلاقات بين السلطتين : التنفيذية و التشريعية في النظام البرلماني (دراسة مقارنة) /
264 1 _aعمان :
_bمؤسسة الوراق للنشر والتوزيع،
_c2009.
300 _a239 ص.
650 1 7 _aالسلطه التنفيذيه
650 1 7 _aالسلطه التشريعيه
942 _2ddc
_cBK
999 _c114219
_d114219